[Event "Sochi IPCA op"]
[Site "Sochi"]
[Date "2022.10.08"]
[Round "7"]
[White "Kolomytchenko, Igor Aleksandrovich"]
[Black "Dorozhkina, Mariya"]
[Result "1-0"]
[WhiteElo "1964"]
[BlackElo "1705"]
[PlyCount "117"]
[EventDate "2022.10.03"]
[EventType "swiss"]
[EventRounds "7"]
[EventCountry "RUS"]
[SourceTitle "CBM 210 Extra"]
[Source "ChessBase"]
[SourceDate "2022.11.30"]
[SourceVersion "1"]
[SourceVersionDate "2022.11.30"]
[SourceQuality "1"]

1. e4 c5 2. Nf3 Nc6 3. d4 cxd4 4. Nxd4 Nf6 5. Nc3 g6 6. Be2 Bg7 7. Be3 0-0 8. 0-0 d6 9. Kh1 a6 10. f4 Nxd4 11. Bxd4 b5 12. Bf3 Bb7 13. Qd3 Nd7 14. Bxg7 Kxg7 15. Rad1 Nc5 16. Qd4+ f6 17. e5 Ne6 18. Qe3 Bxf3 19. Rxf3 fxe5 20. fxe5 Rxf3 21. gxf3 Qd7 22. Nd5 Rf8 23. Kg2 Rf5 24. exd6 exd6 25. Qc3+ Kf7 26. Nb6 Qd8 27. Qc6 Nf4+ 28. Kh1 Qg5 29. Rg1 Qe7 30. Nc8 Qe3 31. Nxd6+ Kf6 32. Nxf5+ Kxf5 33. Qe4+ Qxe4 34. fxe4+ Kxe4 35. Rd1 Nd5 36. Re1+ Ne3 37. Kg1 Kf3 38. c3 g5 39. b3 h5 40. a4 g4 41. axb5 axb5 42. Rc1 Ke2 43. Ra1 h4 44. Ra5 Kd3 45. Rxb5 Kxc3 46. Kf2 Nc2 47. Kg2 Nd4 48. Rb8 Nxb3 49. Rh8 Nd4 50. Rxh4 Nf5 51. Rxg4 Ne3+ 52. Kg3 Nxg4 53. Kxg4 Kd4 54. Kg5 Ke5 55. h4 Ke6 56. Kg6 Ke7 57. Kg7 Ke6 58. h5 Kf5 59. h6 1-0

[Event "Sochi IPCA op"]
[Site "Sochi"]
[Date "2022.10.06"]
[Round "5"]
[White "Petrov, Maksim"]
[Black "Kolomytchenko, Igor Aleksandrovich"]
[Result "1/2-1/2"]
[WhiteElo "1617"]
[BlackElo "1964"]
[PlyCount "67"]
[EventDate "2022.10.03"]
[EventType "swiss"]
[EventRounds "7"]
[EventCountry "RUS"]
[SourceTitle "CBM 210 Extra"]
[Source "ChessBase"]
[SourceDate "2022.11.30"]
[SourceVersion "1"]
[SourceVersionDate "2022.11.30"]
[SourceQuality "1"]

1. e4 c6 2. d4 d5 3. exd5 cxd5 4. Bd3 Nc6 5. c3 Nf6 6. h3 g6 7. Nf3 Bg7 8. 0-0 0-0 9. Re1 Re8 10. Bf4 a6 11. Nbd2 b5 12. Ne5 Nxe5 13. Bxe5 Qb6 14. Qb3 Bb7 15. Nf3 Rac8 16. a4 Bc6 17. Bh2 Nd7 18. axb5 axb5 19. Qb4 Bf8 20. Ne5 Nxe5 21. Bxe5 f6 22. Bg3 e5 23. Qa5 Qb7 24. Qa6 Qxa6 25. Rxa6 exd4 26. Rxe8 Bxe8 27. cxd4 Rc1+ 28. Kh2 Rd1 29. Be2 Rxd4 30. Ra8 Kf7 31. Ra7+ Kg8 32. Ra8 Kf7 33. Ra7+ Ke6 34. Ra8 1/2-1/2

[Event "Sochi IPCA op"]
[Site "Sochi"]
[Date "2022.10.03"]
[Round "2"]
[White "Kolomytchenko, Igor Aleksandrovich"]
[Black "Bortnik, Timur"]
[Result "1-0"]
[WhiteElo "1964"]
[BlackElo "1536"]
[PlyCount "85"]
[EventDate "2022.10.03"]
[EventType "swiss"]
[EventRounds "7"]
[EventCountry "RUS"]
[SourceTitle "CBM 210 Extra"]
[Source "ChessBase"]
[SourceDate "2022.11.30"]
[SourceVersion "1"]
[SourceVersionDate "2022.11.30"]
[SourceQuality "1"]

1. e4 c6 2. d4 d5 3. Nd2 dxe4 4. Nxe4 Bf5 5. Ng3 Bg6 6. h4 h6 7. Nf3 Nd7 8. Bd3 Bxd3 9. Qxd3 e6 10. Bf4 Ngf6 11. Ne4 Nxe4 12. Qxe4 Nf6 13. Qe2 Nd5 14. Bd2 Qb6 15. 0-0-0 0-0-0 16. Rhe1 Bd6 17. g3 a5 18. c4 Nb4 19. c5 Bxc5 20. dxc5 Qxc5+ 21. Bc3 Nxa2+ 22. Kc2 Nb4+ 23. Kb3 Qb6 24. Bd4 c5 25. Bxc5 Qxc5 26. Rc1 Rd3+ 27. Qxd3 Nxd3 28. Rxc5+ Nxc5+ 29. Kc4 b6 30. Ne5 f6 31. Nf7 Rf8 32. Nd6+ Kc7 33. Nb5+ Kc6 34. Nd4+ Kd7 35. Kb5 Rb8 36. Rd1 Kc7 37. Nc6 Re8 38. Nxa5 Ne4 39. Rc1+ Kd6 40. Nc4+ Kd5 41. Rd1+ Nd2 42. Rxd2+ Ke4 43. Nd6+ 1-0

[Event "Sochi IPCA op"]
[Site "Sochi"]
[Date "2022.10.03"]
[Round "1"]
[White "Nikitskaya, Varvara"]
[Black "Kolomytchenko, Igor Aleksandrovich"]
[Result "1-0"]
[WhiteElo "1304"]
[BlackElo "1964"]
[PlyCount "103"]
[EventDate "2022.10.03"]
[EventType "swiss"]
[EventRounds "7"]
[EventCountry "RUS"]
[SourceTitle "CBM 210 Extra"]
[Source "ChessBase"]
[SourceDate "2022.11.30"]
[SourceVersion "1"]
[SourceVersionDate "2022.11.30"]
[SourceQuality "1"]

1. e4 c5 2. Nf3 Nc6 3. d4 cxd4 4. Nxd4 Nf6 5. Nc3 d6 6. f3 e6 7. Be3 a6 8. Qd2 Qc7 9. 0-0-0 Be7 10. Kb1 h5 11. h4 Ne5 12. Be2 Bd7 13. Rdg1 Nc4 14. Bxc4 Qxc4 15. g4 hxg4 16. fxg4 e5 17. b3 Qb4 18. a3 Nxe4 19. Nxe4 Qxd2 20. Nxd2 exd4 21. Bxd4 Bc6 22. Rh2 Rxh4 23. Rxh4 Bxh4 24. Bxg7 f6 25. Nc4 Kf7 26. Nxd6+ Kg6 27. Nf5 Bg5 28. Re1 Re8 29. Rd1 Bf3 30. Rg1 Rd8 31. Bh6 Bxh6 32. Nh4+ Kg5 33. Nxf3+ Kf4 34. Nh4 Rg8 35. Rf1+ Kg5 36. Nf5 Bf8 37. a4 Bc5 38. Rh1 Rf8 39. Nh6 Kg6 40. Rh5 Bd4 41. Nf5 Be5 42. Ne7+ Kf7 43. Rh7+ Ke6 44. Ng6 Rf7 45. Rxf7 Kxf7 46. Nxe5+ fxe5 47. Kc1 Kg6 48. Kd2 Kg5 49. Ke3 Kxg4 50. Ke4 a5 51. c3 b6 52. c4 1-0

[Event "RUS-ch IPCA"]
[Site "Volgograd"]
[Date "2017.05.01"]
[Round "2"]
[White "Balberov, Alexander"]
[Black "Kolomytchenko, Igor Aleksandrovich"]
[Result "1-0"]
[WhiteElo "2350"]
[BlackElo "2000"]
[PlyCount "63"]
[EventDate "2017.04.30"]
[EventType "swiss"]
[EventRounds "9"]
[EventCountry "RUS"]
[SourceTitle "CBM 178 Extra"]
[Source "ChessBase"]
[SourceDate "2017.06.22"]
[SourceVersion "1"]
[SourceVersionDate "2017.06.22"]
[SourceQuality "1"]

1. e4 c5 2. Nf3 d6 3. c3 Nf6 4. h3 g6 5. Bd3 Bg7 6. Bc2 0-0 7. d4 cxd4 8. cxd4 Nc6 9. Nc3 Bd7 10. 0-0 Rc8 11. Bg5 a6 12. Re1 h6 13. Be3 b5 14. e5 Ne8 15. e6 fxe6 16. Bxg6 d5 17. Nh2 Nf6 18. Qd2 e5 19. Bxh6 exd4 20. Bxg7 Kxg7 21. Qg5 Rh8 22. Nxd5 Nxd5 23. Be4+ Kf8 24. Bxd5 e5 25. Qg6 Qe7 26. Nf3 Qg7 27. Qd6+ Qe7 28. Qxe7+ Kxe7 29. Bxc6 Bxc6 30. Nxe5 Kd6 31. Nf7+ Kd5 32. Re5+ 1-0

[Event "RUS IPCA-ch"]
[Site "Nalchik"]
[Date "2016.05.08"]
[Round "9"]
[White "Kolomytchenko, Igor Aleksandrovich"]
[Black "Tebenkov, Vladislav"]
[Result "0-1"]
[WhiteElo "2009"]
[BlackElo "2076"]
[PlyCount "60"]
[EventDate "2016.04.30"]
[EventType "swiss"]
[EventRounds "9"]
[EventCountry "RUS"]
[SourceTitle "CBM 172 Extra"]
[Source "ChessBase"]
[SourceDate "2016.06.21"]
[SourceVersion "1"]
[SourceVersionDate "2016.06.21"]
[SourceQuality "1"]

1. e4 e5 2. Nf3 Nc6 3. Bb5 a6 4. Ba4 Nf6 5. 0-0 b5 6. Bb3 Be7 7. d4 d6 8. h3 Nxd4 9. Nxd4 exd4 10. a4 Bb7 11. axb5 axb5 12. Rxa8 Qxa8 13. f3 c5 14. c4 bxc4 15. Bxc4 0-0 16. Qe2 Nd7 17. Bf4 Nb6 18. Bb5 Bc6 19. Na3 Rb8 20. e5 Re8 21. Bd3 Bf8 22. Nc4 Nxc4 23. Bxc4 dxe5 24. Bxe5 Bd5 25. f4 f6 26. Bxd5+ Qxd5 27. Qb5 Rc8 28. Bb8 Qa8 29. Qc4+ Kh8 30. Be5 fxe5 0-1